01112nam a2200301Ia 4500001001200000003000800012006001900020007001500039008004100054010001700095020001800112040002100130035002100151050002700172082001500199100002100214245007200235260003800307300003300345504005100378533015200429650001900581650002100600655002900621710001700650856012600667999001700793ebr10607599CaPaEBRm u cr cn|||||||||120424s2012 okuab sb 001 0 eng d z 2012014439 z9781593702717 aCaPaEBRcCaPaEBR a(OCoLC)82083307914aHD9502.A2bP693 2012eb04a333.792231 aPowers, Louis W.14aThe world energy dilemmah[electronic resource] /cLouis W. Powers. aTulsa, Okla. :bPennWell,cc2012. axxiii, 306 p. :bill., maps. aIncludes bibliographical references and index. aElectronic reproduction.bPalo Alto, Calif. :cebrary,d2011.nAvailable via World Wide Web.nAccess may be limited to ebrary affiliated libraries. 0aEnergy policy. 0aPower resources. 7aElectronic books.2local2 aebrary, Inc.40uhttp://site.ebrary.com/lib/rucke/Doc?id=10607599zAn electronic book accessible through the World Wide Web; click to view c97791d97791